书目信息 |
| 题名: |
建筑工程技术基础知识
|
|
| 作者: | 张哲民 主编 | |
| 分册: | ||
| 出版信息: | 北京 中国建筑工业出版社 1996.01 |
|
| 页数: | 415页 | |
| 开本: | 32开 | |
| 丛书名: | ||
| 单 册: | ||
| 中图分类: | TU-49 | |
| 科图分类: | ||
| 主题词: | 建筑学 | |
| 电子资源: | ||
| ISBN: | 7-112-02671-7 | |
| 000 | 00573nam0 2200193 45 | |
| 001 | 0012031647 | |
| 005 | 20010314094418.9 | |
| 010 | @a7-112-02671-7@d18.00元 | |
| 100 | @a20001203d1996 km y0chiy0120 ea | |
| 101 | 0 | @achi |
| 105 | @a z 000yy | |
| 200 | 1 | @a建筑工程技术基础知识@AJian Zhu Gong Cheng Ji Shu Ji Chu Zhi Shi@f张哲民主编@FZhang Zhe Min Zhu Bian |
| 210 | @a北京@c中国建筑工业出版社@d1996.01 | |
| 215 | @a415页@d32开 | |
| 606 | 0 | @a建筑学 |
| 690 | @aTU-49@v3 | |
| 701 | 0 | @a张哲民@4主编 |
| 801 | @aCN@bPftUser@c20001203 | |
| 905 | @dTU-49@eZH545@b328895-897@f3 | |
| 建筑工程技术基础知识/张哲民主编.-北京:中国建筑工业出版社,1996.01 |
| 415页;32开 |
| ISBN 7-112-02671-7:18.00元 |
| ● |
| 相关链接 |
|
|
|
正题名:建筑工程技术基础知识
索取号:TU-49/ZH545
 
预约/预借
| 序号 | 登录号 | 条形码 | 馆藏地/架位号 | 状态 | 备注 |
| 1 | 328895 | 203288959 | 自科二线404/404自科库 8排2列5层/ [索取号:TU-49/ZH545] | 在馆 | |
| 2 | 328896 | 203288968 | 自科二线404/404自科库 8排2列5层/ [索取号:TU-49/ZH545] | 在馆 | |
| 3 | 328897 | 203288977 | 建筑库101/101建筑库 12排3列5层/ [索取号:TU-49/ZH545] | 在馆 |